Online
Catalog

La situación del menor en el derecho mexicano / (Record no. 13654)

MARC details
000 -CABECERA
campo de control de longitud fija 00921cam a2200253 a 4500
001 - NÚMERO DE CONTROL
campo de control 000014052
005 - FECHA Y HORA DE LA ÚLTIMA TRANSACCIÓN
campo de control 20260224094453.0
008 - DATOS DE LONGITUD FIJA--INFORMACIÓN GENERAL
campo de control de longitud fija 020424s2001 mx b 000 0 spa d
020 ## - NÚMERO INTERNACIONAL ESTÁNDAR DEL LIBRO
Número Internacional Estándar del Libro 9688642037
035 ## - NÚMERO DE CONTROL DEL SISTEMA
Número de control de sistema (OCoLC)ocm49944145
040 ## - FUENTE DE LA CATALOGACIÓN
Centro catalogador/agencia de origen DO-SdBNP
Lengua de catalogación spa
Centro/agencia transcriptor BNPHU
Centro/agencia modificador DLC
082 ## - NÚMERO DE LA CLASIFICACIÓN DECIMAL DEWEY
Número de clasificación 348.06135
Número de documento/Ítem P198s
049 ## - FONDOS LOCALES (OCLC)
Fondos de biblioteca BNGR
100 1# - ENTRADA PRINCIPAL--NOMBRE DE PERSONA
Nombre de persona Pantoja Meriño, José de Jesús.
9 (RLIN) 31836
245 13 - MENCIÓN DE TÍTULO
Título La situación del menor en el derecho mexicano /
Mención de responsabilidad, etc. J. Jesús Pantoja Meriño.
260 ## - PUBLICACIÓN, DISTRIBUCIÓN, ETC.
Lugar de publicación, distribución, etc. Guanajuato :
Nombre del editor, distribuidor, etc. SEP Apoyo Fomes 97 ;
-- Universidad de Guanajuato,
Fecha de publicación, distribución, etc. 2001.
300 ## - DESCRIPCIÓN FÍSICA
Extensión 72 p. ;
Dimensiones 23 cm.
490 1# - MENCIÓN DE SERIE
Mención de serie Nuevo siglo
-- Humanidades
504 ## - NOTA DE BIBLIOGRAFÍA, ETC.
Nota de bibliografía, etc. Incluye referencias bibliográficas (p. 69-70) y notas al pie de las páginas.
650 #0 - PUNTO DE ACCESO ADICIONAL DE MATERIA--TÉRMINO DE MATERIA
Término de materia o nombre geográfico como elemento de entrada Derechos del niño
9 (RLIN) 5135
650 #4 - PUNTO DE ACCESO ADICIONAL DE MATERIA--TÉRMINO DE MATERIA
Término de materia o nombre geográfico como elemento de entrada Niños
Subdivisión general Estado legal, legislación, etc.
9 (RLIN) 16467
830 #0 - PUNTO DE ACCESO ADICIONAL DE SERIE-TÍTULO UNIFORME
Título uniforme Nuevo siglo,
Nombre de parte o sección de la obra Humanidades
9 (RLIN) 30714
910 ## - DATOS DE OPCIÓN DEL USUARIO (OCLC)
Datos de opción del usuario Catalogación por copia / LC
Holdings
Estado de retiro Estado de pérdida Restricciones de uso No para préstamo Código de colección Localización permanente Ubicación/localización actual Ubicación en estantería Fecha de adquisición Número de inventario Total de préstamos Signatura topográfica completa Código de barras Fecha visto por última vez Precio válido a partir de Tipo de ítem Koha
    Préstamo interno   Monografías: Libros y Folletos General General En catalogación 02.12.2009 LF1   348.06135 P198s 14052-10 25.06.2020 25.06.2020 Préstamo interno

Powered by Koha